000 00709nam a2200229Ia 4500
003 OSt
005 20220923230319.0
006 a|||||r|||| 00| 0
007 ta
008 Pun
024 _a279,359
037 _cTextual
040 _aARTS
_cARTS
_bPun
041 _2Pun
_aPun
082 _aO153,1N351,1, M2
100 _aਜੁਗਿੰਦਰ ਅਮਰ; ਪੁੰਨੀ, ਅਮਰੀਕ ਸਿੰਘ, ਥਦ.
_9168974
245 0 _aਦੂਜਾ ਸੂਰਜ
260 _c1982
650 _aਪੰਜਾਬੀ ਸਾਹਿਤ
942 _hO153,1N351,1, M2
_cTEXL
_2CC
999 _c383879
_d383879